| 000 | 00575nam a22001577a 4500 | ||
|---|---|---|---|
| 003 | OSt | ||
| 005 | 20151113093632.0 | ||
| 008 | 151113b xxu||||| |||| 00| 0 eng d | ||
| 040 | _cRUA | ||
| 082 | _aFOR UCH 2006 B133 Or.1 | ||
| 100 |
_93635 _aUCH, PHIRUN. |
||
| 245 | _aSawn wood utilization in attambang district, battbang province (ការប្រើប្រាស់ឈើអារក្នុងស្រុកបាត់ដំបងខេត្តបាត់ដំបង) | ||
| 260 |
_aPhnom Penh _bRUA _c2006 |
||
| 300 |
_axi, 47p. _bill. _c29cm. |
||
| 942 |
_2ddc _cFOR |
||
| 999 |
_c3384 _d3384 |
||